Представление документа в формате RUSMARC

ПолеНазваниеЗначение
  Тип записи a
  Библиографический уровень a
001 Контрольный номер RU/CBS_UL/BASE/bc8fdfce0ade4cc7addf8fc4d247222b
005 Дата корректировки 20240119162802.7
100 Данные общей обработки __
a Данные общей обработки 20240119 ||| 0rusy0189 ca
101 Язык документа 0_
a Язык текста rus
102 Страна публикации __
a Страна публикации RU
200 Заглавие и сведения об ответственности 1_
a Заглавие Как поднять баллы НОК с помощью "Доступной среды"
e Сведения, относящиеся к заглавию [список простых действий, которые без затрат повысят доступность учреждений для инвалидов]
f Первые сведения об ответственности О. Бородич
300 Общие примечания __
a Общие примечания 16+
461 Уровень набора _0
1 2000
a Справочник руководителя учреждения культуры
463 Уровень физической единицы _0
1 2000
a № 10
v С. 100-102
1 2101
d 2023
1 001RU/CBS_UL/BASE/06c047ea48134a0295d6a5f88202b384
606 Тематические рубрики 0_
a Основная рубрика Учреждения культуры - Организация работы
610 Ключевые слова 0_
a Ключевые слова учреждения культуры
610 Ключевые слова 0_
a Ключевые слова организация работы учреждений культуры
610 Ключевые слова 0_
a Ключевые слова независимая оценка качества
610 Ключевые слова 0_
a Ключевые слова НОК
610 Ключевые слова 0_
a Ключевые слова доступная среда
610 Ключевые слова 0_
a Ключевые слова работа с инвалидами
610 Ключевые слова 0_
a Ключевые слова доступность учреждений для инвалидов
686 Индексы других классификаций __
2 Код системы rubbk
a Классификационный индекс 71.41(2Рос)
700 Автор _1
a Фамилия Бородич
b Имя (инициалы) О.
801 Источник записи _0
a Страна RU
b Организация МБУК ЦБС г. Ульяновска
c Дата составления 20240119
g Правила каталогизации RCR
801 Источник записи _1
a Страна RU
b Организация МБУК ЦБС г. Ульяновска
c Дата составления 20240119
g Правила каталогизации RCR
901 Тип документа __
t Тип документа b
w Контрольный № источника RU/CBS_UL/BASE/06c047ea48134a0295d6a5f88202b384